| 000 | 01323nam a2200289 i 4500 | ||
|---|---|---|---|
| 001 | 167862 | ||
| 003 | ES-MaACL | ||
| 005 | 20251002162148.0 | ||
| 008 | 931025s1787 sp |||| | spa d | ||
| 100 | 1 |
_aWard, Bernardo. _9116071 |
|
| 245 | 1 | 0 |
_aProyecto económico _b: en que se proponen varias providencias, dirigidas a promover los intereses de España, con los medios y fondos necesarios para su planificación / _cescrito en el año de 1762 por D. Bernardo Ward ; obra póstuma. |
| 250 | _aQuarta impresion. | ||
| 260 |
_aMadrid : _bpor la Viuda de Ibarra, Hijos y Compañía, _c1787. |
||
| 300 |
_a[4], XXVIII, 319, LXXX p. ; _c4º mayor. |
||
| 505 | 8 |
_aContiene además, con pág. propia: ; _tObra pía : medio de remediar la miseria de la gente pobre de España |
|
| 530 | _aDisponible en formato digital. | ||
| 596 | _aMarca tip. en port. | ||
| 597 | _aSign.: a-b\p8\s, A-Z\p8\s, 2A-2B\p8\s. | ||
| 597 | _aAntep. | ||
| 650 | 4 |
_aPobreza- _zEspaña. _9166966 |
|
| 651 | 4 |
_aEspaña- _xPolítica económica- _yS.XVIII. _98413 |
|
| 700 | 2 |
_a _9242296 |
|
| 752 |
_aEspaña - _dMadrid. Olim: C-2936. |
||
| 852 |
_aES-MaACL _jR-1924 _z- Enc. pasta española _d- Olim: C-2936 |
||
| 856 |
_uhttp://bdh-rd.bne.es/viewer.vm?id=0000094255&page=1 _zBiblioteca Digital Hispánica |
||
| 999 |
_c167862 _d167862 |
||